| 000 | 00578nam a22002057a 4500 | ||
|---|---|---|---|
| 003 | KOHA_MİRAKIL | ||
| 005 | 20241003053920.0 | ||
| 008 | 241002b2023 tu ||||| |||| 00| 0 tur d | ||
| 020 | _a9786053758921 | ||
| 040 |
_aTR-AnABB _btur _cTR-AnABB |
||
| 041 | _atur | ||
| 082 |
_a895.1352 _bLIU 2023 |
||
| 100 | 1 |
_aLiu, Cixin, 1963- _91059 |
|
| 245 | 1 | 0 |
_aKaranlık ormanı / _cCixin Liu. |
| 260 |
_aİstanbul : _bİthaki Yayınları, _c2023. |
||
| 300 |
_a596 sayfa ; _c21 cm. |
||
| 650 |
_aBilim kurgu romanı _91022 |
||
| 650 |
_aÇin edebiyatı, roman _9168 |
||
| 942 |
_2ddc _cBK |
||
| 999 |
_c7654 _d7654 |
||
| 900 | _bCan Çelik | ||